000 00271nam a2200109Ia 4500
008 190216s9999||||xx |||||||||||||| ||und||
100 _aSatheesh Chandran
245 0 _aNingalude Kannugal
260 _bKerala Sasthra Sahithya Parishad
650 _aMalayalam
942 _cBK
999 _c25500
_d25500